000 00367 a2200109 4500
001 ART_19403
005 20260410161922.0
008 260409a
245 1 0 _aLa reforma de los sistemas fiscales y su tratamiento en el XXV Congreso del IIFP
100 1 _aReig, Enrique Jorge
773 0 _tLa información
_g- Tomo XLI, Nº 603 (mar. 1980)
_wREV14902
999 _c27770
_d27770